000 00545nam a22001937a 4500
003 KOHA_MİRAKIL
005 20251209085503.0
008 251209b tu ||||| |||| 00| 0 tur d
020 _a9786052249970
040 _aTR-AnABB
_btur
_cTR-AnABB
041 _atur
082 _a338.9
_bDON 2022
100 1 _aBulut, Mehmet,
245 1 0 _aDöngüsel ekonomi ve sürdürülebilir hayat /
260 _aAnkara :
_bTürkiye Bilimler Akademisi,
_c2022
300 _a472 sayfa ;
_c22 cm
650 0 4 _aDöngüsel ekonomi
942 _2ddc
_cBK
999 _c9709
_d9709
900 _bGizem YORULMAZ